Statistics for Largest Mediterranean Islands (with map)

Click here to take the quiz!

General Stats

  • This quiz has been taken 206 times
  • The average score is 13 of 25

Answers on the Map

Answers color-coded by a green-red scale on the quiz's map according to % correct below.
 

Answer Stats

AreaCountryIsland% Correct
25,830ItalySicily
99%
9,250----Cyprus
97%
8,680FranceCorsica
96%
24,100ItalySardinia
95%
8,310GreeceCrete
94%
3,640SpainMajorca
88%
580SpainIbiza
84%
690SpainMenorca
81%
1,400GreeceRhodes
74%
1,630GreeceLesbos
71%
590GreeceCorfu
56%
3,650GreeceEuboea
53%
405CroatiaKrk
36%
840GreeceChios
34%
520TunisiaDjerba
33%
430GreeceNaxos
30%
470GreeceSamos
30%
780GreeceKefalonia
28%
410GreeceZakynthos
27%
470GreeceLemnos
19%
379GreeceThasos
19%
380GreeceAndros
18%
405CroatiaCres
18%
300GreeceLefkada
14%
390CroatiaBrac
13%

Score Distribution

Percentile by Number Answered

Percent of People with Each Score

Your Score History

You have not taken this quiz